|
|
|
|
| LEADER |
01083nam a2200385 a 4500 |
| 001 |
000026821 |
| 003 |
SVKKK |
| 005 |
20070209141354.0 |
| 008 |
030616c2001 xo e sloo |
| FMT |
|
|
|
| 020 |
|
|
|a 80-88692-12-1
|
| 038 |
|
|
|a SVKKK
|
| 040 |
|
|
|a SVKKK
|b slo
|e AACR2
|
| 041 |
0 |
|
|a slo
|
| 044 |
|
|
|a xo
|
| 080 |
|
|
|a 929 Haľamová, M
|2 1981
|
| 080 |
|
|
|a 930.25:29
|2 1981
|
| 090 |
|
|
|a III.190654
|
| 100 |
1 |
|
|a Haľamová, Maša
|4 aut
|
| 245 |
1 |
0 |
|a Tatranské listy :
|b výber z korešpondencie, vyznaní, rozhovorov a spomienok /
|c Haľamová Maša, Rusnáková Ľuba
|
| 260 |
|
|
|a Poprad :
|b Podtatranská knižnica,
|c 2001
|
| 300 |
|
|
|a 130 s. :
|b Pozn., lit.
|
| 600 |
1 |
4 |
|a Haľamová, Maša,
|d 1908-1995,
|x spisovateľka
|
| 650 |
0 |
4 |
|a spisovateia slovenskí
|x život a dielo
|x korešpondencie
|x publikácie
|
| 700 |
1 |
|
|a Rusnáková, Ľuba
|4 aut
|
| 957 |
|
|
|a Nový Smokovec
|
| 957 |
|
|
|a Vysoké Tatry
|
| 957 |
|
|
|a Štrbské Pleso
|
| 958 |
|
|
|a PP
|
| 958 |
|
|
|a TY
|
| 974 |
|
|
|d 020514
|a Fav
|
| 992 |
|
|
|a AAU
|
| BAS |
|
|
|
| 852 |
|
|
|a SVKKK
|b BIB
|
| 998 |
|
|
|a REG
|